| 000 | 00577nam a2200205 a 4500 | ||
|---|---|---|---|
| 005 | 20240530063615.0 | ||
| 008 | 060327s2000 mx r 000 0 spa d | ||
| 020 | _a8441408262 | ||
| 035 | _aUPN01000143520 | ||
| 049 | _aCG | ||
| 050 | 4 |
_aPQ6196 _bT7.3 |
|
| 245 | 0 | 0 |
_a13 poetas testimoniales / _ccomp. Segismundo Lince. |
| 260 |
_aMadrid : _bEdaf, _c2000. |
||
| 300 |
_a191 p. : _bil. |
||
| 440 | 0 |
_aBiblioteca Edaf ; _v253 |
|
| 650 | 4 |
_aPoesía Española _ySiglo XX _91243 |
|
| 700 | 1 |
_aLince, Segismundo, _dcomp. |
|
| 740 | 0 | _aTrece poetas testimoniales | |
| 905 | _aLibro | ||
| 999 |
_c115667 _d115667 |
||